000 00329nam a22001457a 4500
008 221021b ||||| |||| 00| 0 eng d
020 _a070056978
041 _aeng
080 _2THIRD EDITION
_a61
082 _a61 BLA
100 _a4
101 _aMJEK
245 _aPOCKET MEDICAL DICTIONARY
_cBLAKSTON'S
942 _2udc
_cBK
999 _c58645
_d58645